ALE-Reyes de Sajonia - Estadísticas

Estadísticas generales
  • Esta prueba ha sido intentada 8 veces
  • La puntuación promedio es 1 de 7
Estadísticas de respuestas
Período Nombre del Rey % Correcto
1902-1904 Jorge I
67%
1873-1902 Alberto I
50%
1827-1836 Antonio I
17%
1806-1827 Federico Augusto I
0%
1836-1854 Federico Augusto II
0%
1904-1918 Federico Augusto III
0%
1854-1873 Juan I
0%
No se encontraron pruebas coincidentes
Distribución de puntuación
Porcentaje de gente con cada puntuación
Porcentaje por número respondido
Historial de tus puntuaciones
No has intentado esta prueba.